000 00255nam a2200097Ia 4500
001 698721
005 20250826162056.0
008 250824s9999 xx 000 0 und d
245 0 _aBOSTAN (ANTİK)
_cSADIK YALSIZUÇANLAR
260 _bANTİK DÜNYA KLASİKLERİ
999 _c698721
_d698721